Naruto - Kazekage (par image) - Statistiques

Statistiques générales
  • Ce quiz a été pris 34 fois
  • Le résultat moyen est 3 sur 5
Statistiques - réponses
Par images Réponse % Correct
Gaara
100%
Rasa
68%
Reto
39%
Shamon
39%
n-
32%
Aucun quiz correspondant
Distribution des résultats
% des personnes avec chaque résultat
Percentile par nombre de réponses
Votre historique - résultats
Vous n’avez pas pris ce quiz